| 000 | 00586cam a2200217ua 4500 | ||
|---|---|---|---|
| 020 |
_a81 239 0043 0 _c55.00 |
||
| 041 |
_aeng _h |
||
| 082 |
_a510.02462 _bSHA/AD |
||
| 100 | _aSharma, G S . | ||
| 245 |
_aAdvanced mathematics for engineers and scientists , Vol 1 / _cG S Sharma. _hTextual Documents |
||
| 250 |
_a2 / _b. |
||
| 260 |
_aNew Delhi : _bC B S Publishers & Distributers , _c1992. |
||
| 300 | _a713 ; . | ||
| 365 | _a55.00 | ||
| 504 | _a | ||
| 700 | 1 | _aAhuja, K L . | |
| 942 | _cBK | ||
| 999 |
_c9491 _d9491 |
||